000
00358nam a2200133Ia 4500
008
100328s9999 xx 000 0 und d
082
_b
39717
100
_a
पठाण यू.म.
245
_a
पाऊलखुणा
260
_b
दिलीपराज
630
_a
पाऊलखुणा
730
_a
पाऊलखुणा
942
_c
BOOK
999
_c
528604
_d
528601